000
00207 a2200097 4500
001
62532
082
_a
153.94 BRO
100
_a
Bro
245
_a
GRE General test
260
_a
New delhi
_b
Galgotia pub
_c
1992
942
_a
NUST-CAE
_k
153.94 BRO
999
_c
297605
_d
297605